| 000 | 00946nam a2200277 a 4500 | ||
|---|---|---|---|
| 001 | 2059061 | ||
| 003 | OSt | ||
| 005 | 20160229181417.0 | ||
| 008 | 930715s1993 enk b 001 0 eng | ||
| 010 | _a 93171099 | ||
| 020 | _a1856490815 | ||
| 020 | _a1856490823 (pbk.) | ||
| 040 |
_aDLC _cDLC |
||
| 043 | _ad------ | ||
| 050 | 0 | 0 |
_aHN49.C6 _bB87 1993 |
| 082 | 0 | 0 |
_a362.57 _220 _bBUR 1993 |
| 100 | 1 |
_aBurkey, Stan. _95870 |
|
| 245 | 1 | 0 |
_aPeople first : _ba guide to self-reliant participatory rural development / _cStan Burkey. |
| 260 |
_aLondon ; _aAtlantic Highlands, N.J. : _bZed Books, _c1993. |
||
| 300 |
_axix, 244 p. ; _c23 cm. |
||
| 504 | _aIncludes bibliographical references (p. [234]-238) and index. | ||
| 650 | 0 |
_aRural development _zDeveloping countries. _96907 |
|
| 906 |
_a7 _bcbc _corignew _d2 _encip _f19 _gy-gencatlg |
||
| 942 |
_2ddc _cSLOAN |
||
| 999 |
_c3111 _d3111 |
||